Statistics for Provinces of China Map Quiz

Click here to take the quiz!

General Stats

  • This quiz has been taken 49,732 times
  • The average score is 14 of 32

Answers on the Map

Answers color-coded by a green-red scale on the quiz's map according to % correct below.
Loading ...
 

Answer Stats

Answer % Correct
Tibet
80%
Hong Kong /
Macau
75%
Inner Mongolia
73%
Beijing
70%
Xinjiang Uyghur
69%
Shanghai
66%
Guangdong
59%
Hainan
58%
Sichuan
52%
Tianjin
51%
Yunnan
50%
Heilongjiang
46%
Fujian
42%
Guangxi
40%
Chongqing
40%
Shandong
40%
Jilin
38%
Liaoning
37%
Hebei
37%
Qinghai
37%
Shaanxi
36%
Gansu
36%
Hunan
33%
Zhejiang
33%
Ningxia
33%
Hubei
32%
Henan
32%
Jiangsu
31%
Anhui
31%
Guizhou
31%
Shanxi
31%
Jiangxi
27%

Score Distribution

Percentile by Number Answered

Percent of People with Each Score

Your Score History

You have not taken this quiz